000 00261nam a2200109Ia 4500
005 20251222141827.0
008 251222s9999||||xx |||||||||||||| ||spa||
082 _a257.1/A78
245 0 _aArte, fede, storia:
264 _bSutio Editoriale Fiorentino
942 _cLIB
999 _c7001
_d7001